La procedencia del reclamo de alimentos hacia progenitor/a afín / (Registro nro. 6243)
[ vista simple ]
| 000 -LEADER | |
|---|---|
| fixed length control field | 01273nab a22002297a 4500 |
| 003 - CONTROL NUMBER IDENTIFIER | |
| control field | OSt |
| 005 - DATE AND TIME OF LATEST TRANSACTION | |
| control field | 20260127192805.0 |
| 008 - FIXED-LENGTH DATA ELEMENTS--GENERAL INFORMATION | |
| fixed length control field | 190514b xxu||||| |||| 00| 0 spa d |
| 040 ## - CATALOGING SOURCE | |
| Transcribing agency | PJ |
| 100 ## - MAIN ENTRY--PERSONAL NAME | |
| 9 (RLIN) | 6754 |
| Personal name | Jaremczuk, Cinthia Tamara |
| 245 13 - TITLE STATEMENT | |
| Title | La procedencia del reclamo de alimentos hacia progenitor/a afín / |
| Statement of responsibility, etc | Cinthia Tamara Jaremczuk. |
| 300 ## - PHYSICAL DESCRIPTION | |
| Extent | p. 142-145 |
| 500 ## - GENERAL NOTE | |
| General note | Cita: TR LALEY AR/DOC/1591/2025. |
| 505 ## - FORMATTED CONTENTS NOTE | |
| Formatted contents note | Sumario: I. Del planteo del caso.— II. Visibilización de nuevas realidades familiares. Obligación alimentaria del progenitor afín. Su regulación legal.— III. ¿Qué entiende el Código entonces por subsidiaria?— IV. Conforme al caso, ¿qué ocurre en el caso de cese de la convivencia? ¿Continúa o cesa la obligación alimentaria del progenitor afín?— V. Conclusión. |
| 505 ## - FORMATTED CONTENTS NOTE | |
| Title | Fallo comentado: STJ Corrientes ~ 10/02/2025 ~ P. L. A. c. P. L. A. s/ alimentos (progenitor afín). |
| 650 #0 - SUBJECT ADDED ENTRY--TOPICAL TERM | |
| 9 (RLIN) | 967 |
| Topical term or geographic name as entry element | DERECHO DE FAMILIA |
| 650 #0 - SUBJECT ADDED ENTRY--TOPICAL TERM | |
| 9 (RLIN) | 968 |
| Topical term or geographic name as entry element | ALIMENTOS |
| 650 #0 - SUBJECT ADDED ENTRY--TOPICAL TERM | |
| 9 (RLIN) | 4103 |
| Topical term or geographic name as entry element | PROGENITOR AFIN |
| 650 #0 - SUBJECT ADDED ENTRY--TOPICAL TERM | |
| 9 (RLIN) | 1057 |
| Topical term or geographic name as entry element | JURISPRUDENCIA APLICABLE |
| 773 0# - HOST ITEM ENTRY | |
| Host Biblionumber | 2844 |
| Host Itemnumber | 3222 |
| Place, publisher, and date of publication | Buenos Aires : AbeledoPerrot, 1989- |
| Title | Derecho de familia. Revista Interdisciplinaria de doctrina y jurisprudencia. Agosto 2025-IV. |
| International Standard Book Number | 18511201 |
| 942 ## - ADDED ENTRY ELEMENTS (KOHA) | |
| Source of classification or shelving scheme | |
| Koha item type | Analítica Artículo de Revista |
No hay ítems disponibles.
